| 000 | 00542nam a2200145 4500 | ||
|---|---|---|---|
| 999 |
_c16071 _d16071 |
||
| 008 | 210408b ||||| |||| 00| 0 eng d | ||
| 022 | _a0732-8435 | ||
| 082 | _aDPer 657.05 C33 Sept-Dec 2011 v. 81 n. 9-12 | ||
| 100 |
_aBoylan, Scott J. _943071 |
||
| 245 |
_aCredit rating agency reform: _binsight from the accounting profession/ _cScott J. Boylan. |
||
| 260 |
_aNew York: _bThe New York State Society of CPA, _c©2011. |
||
| 300 |
_av81 n11, pages 40-43: _bcolor illustrations; _c28 cm. |
||
| 650 |
_aAccounting. _943072 |
||
| 942 |
_2ddc _cPER |
||